Riconosci la nazione dall'isola parte 2 - Statistics

Statistiche generali
  • Questo quiz è stato fatto 78 volte
  • Il punteggio medio è 14 su 20
Statistiche sulle risposte
ISOLA NAZIONE % Corretto
Tenerife Spagna
98%
Kyushu Giappone
92%
Svalbard Norvegia
91%
Coo Grecia
89%
Hainan Cina
86%
Aleutine Usa/Stati Uniti
86%
Baffin Canada
83%
Galapagos Ecuador
81%
Gorgona Italia
80%
Terra Francesco Giuseppe Russia
80%
Isola di Natale Australia
75%
Laccadive India
75%
Luzon Filippine
73%
Socotra Yemen
67%
Isole Chagos Regno Unito
63%
Jeju Corea del Sud
59%
Providencia Colombia
50%
Lissa Croazia
45%
Masirah Oman
34%
Bioko Guinea Equatoriale
28%
Nessun quiz corrispondente trovato
Distribuzione punteggi
Percentuale di utenti per punteggio
Percentile per numero di risposta
I tuoi punteggi nel tempo
Non hai fatto questo quiz